01324nam a2200433Ia 4500001000700000008004100007020002200048035001600070041000800086084001300094245012500107260003500232300002200267650001000289650001600299650002500315650001900340650002000359650002600379650002900405650002100434650001900455650002900474650003100503650002700534650002300561650002200584650001900606650002600625700002800651901000600679903000700685904000800692953003700700999001700737910000900754942001500763952011200778040056221003s2014 xx 000 0 spa d a978-84-940011-8-5 aCENDO_30155 aspa aCD-13024 0a último europeo :bimperialismo, xenofobia y extrema derecha en la Unión Europea /cÁngel Ferrero ... [et al.] aMadrid :bLa Oveja Roja,c2014 a262 p. ;c 24 cm aCE98 0aEUROPA9139 aPOLITICA SOCIAL9228 aELECCION91516 aDEMOCRACIA9387 aPARTIDO POLITICO9803 aIDEOLOGIA POLITICA91711 aINMIGRACION9694 aMIGRACION9358 aPOLITICA MIGRATORIA9600 0aDISCRIMINACION RACIAL9225 aPOLITICA EXTERIOR9314 aIMPERIALISMO93247 aDEPENDENCIA98792 aSOCIEDAD91843 aCONFLICTO SOCIAL9368 aFERRERO, Ángel925260 a0 aNO a000 d2014-05-27yMONOGRAFIAoCD-13024 c30154d30154 a2014 cMONOGRAFIA 00104070aCENDObCENDOd2014-05-27l0oCD-13024pCENDO_30155r2022-10-05 00:00:00w2022-10-05yMONOGRAFIA